<?xml version="1.0" encoding="UTF-8"?>
<record
    xmlns:xsi="http://www.w3.org/2001/XMLSchema-instance"
    xsi:schemaLocation="http://www.loc.gov/MARC21/slim http://www.loc.gov/standards/marcxml/schema/MARC21slim.xsd"
    xmlns="http://www.loc.gov/MARC21/slim">

  <leader>00522nam a2200181   4500</leader>
  <controlfield tag="003">SEACOMMC</controlfield>
  <controlfield tag="005">20250429150620.0</controlfield>
  <controlfield tag="008">241230b        |||||||| |||| 00| 0 eng d</controlfield>
  <datafield tag="020" ind1=" " ind2=" ">
    <subfield code="a">978-81-2591-539-3</subfield>
    <subfield code="c">Rs.110.00</subfield>
  </datafield>
  <datafield tag="040" ind1=" " ind2=" ">
    <subfield code="a">SEACOMMC</subfield>
  </datafield>
  <datafield tag="082" ind1=" " ind2=" ">
    <subfield code="a">428.2</subfield>
    <subfield code="b">S 728</subfield>
  </datafield>
  <datafield tag="100" ind1=" " ind2=" ">
    <subfield code="a"> Sreevalsan,M C</subfield>
  </datafield>
  <datafield tag="245" ind1="1" ind2=" ">
    <subfield code="a">Spoken English a hands on guide to English conversation practice</subfield>
    <subfield code="c">M C Sreevalsan</subfield>
  </datafield>
  <datafield tag="250" ind1=" " ind2=" ">
    <subfield code="a">2nd ed.</subfield>
  </datafield>
  <datafield tag="260" ind1=" " ind2=" ">
    <subfield code="a"> New Delhi </subfield>
    <subfield code="b"> Vikas Publishing House </subfield>
    <subfield code="c"> 2004</subfield>
  </datafield>
  <datafield tag="650" ind1=" " ind2=" ">
    <subfield code="a"> English Language</subfield>
  </datafield>
  <datafield tag="942" ind1=" " ind2=" ">
    <subfield code="c">BOOK</subfield>
  </datafield>
  <datafield tag="952" ind1=" " ind2=" ">
    <subfield code="0">0</subfield>
    <subfield code="1">0</subfield>
    <subfield code="2">ddc</subfield>
    <subfield code="4">0</subfield>
    <subfield code="7">0</subfield>
    <subfield code="a">SEACOMMC</subfield>
    <subfield code="b">SEACOMMC</subfield>
    <subfield code="c">REF</subfield>
    <subfield code="d">2007-12-18</subfield>
    <subfield code="l">0</subfield>
    <subfield code="o">428.2 S 728</subfield>
    <subfield code="p">M-1454</subfield>
    <subfield code="r">2024-12-30 15:15:35</subfield>
    <subfield code="w">2024-12-30</subfield>
    <subfield code="y">BOOK</subfield>
  </datafield>
  <datafield tag="952" ind1=" " ind2=" ">
    <subfield code="0">0</subfield>
    <subfield code="1">0</subfield>
    <subfield code="2">ddc</subfield>
    <subfield code="4">0</subfield>
    <subfield code="7">0</subfield>
    <subfield code="a">SEACOMMC</subfield>
    <subfield code="b">SEACOMMC</subfield>
    <subfield code="d">2007-12-18</subfield>
    <subfield code="l">0</subfield>
    <subfield code="o">428.2 S 728</subfield>
    <subfield code="p">M-1455</subfield>
    <subfield code="r">2024-12-30 15:16:04</subfield>
    <subfield code="t">1</subfield>
    <subfield code="w">2024-12-30</subfield>
    <subfield code="y">BOOK</subfield>
  </datafield>
  <datafield tag="952" ind1=" " ind2=" ">
    <subfield code="0">0</subfield>
    <subfield code="1">0</subfield>
    <subfield code="2">ddc</subfield>
    <subfield code="4">0</subfield>
    <subfield code="7">0</subfield>
    <subfield code="a">SEACOMMC</subfield>
    <subfield code="b">SEACOMMC</subfield>
    <subfield code="d">2007-12-18</subfield>
    <subfield code="l">0</subfield>
    <subfield code="o">428.2 S 728</subfield>
    <subfield code="p">M-1456</subfield>
    <subfield code="r">2024-12-30 15:16:04</subfield>
    <subfield code="t">2</subfield>
    <subfield code="w">2024-12-30</subfield>
    <subfield code="y">BOOK</subfield>
  </datafield>
  <datafield tag="952" ind1=" " ind2=" ">
    <subfield code="0">0</subfield>
    <subfield code="1">0</subfield>
    <subfield code="2">ddc</subfield>
    <subfield code="4">0</subfield>
    <subfield code="7">0</subfield>
    <subfield code="a">SEACOMMC</subfield>
    <subfield code="b">SEACOMMC</subfield>
    <subfield code="d">2007-12-18</subfield>
    <subfield code="l">0</subfield>
    <subfield code="o">428.2 S 728</subfield>
    <subfield code="p">M-1457</subfield>
    <subfield code="r">2024-12-30 15:16:04</subfield>
    <subfield code="t">3</subfield>
    <subfield code="w">2024-12-30</subfield>
    <subfield code="y">BOOK</subfield>
  </datafield>
  <datafield tag="952" ind1=" " ind2=" ">
    <subfield code="0">0</subfield>
    <subfield code="1">0</subfield>
    <subfield code="2">ddc</subfield>
    <subfield code="4">0</subfield>
    <subfield code="7">0</subfield>
    <subfield code="a">SEACOMMC</subfield>
    <subfield code="b">SEACOMMC</subfield>
    <subfield code="d">2007-12-18</subfield>
    <subfield code="l">0</subfield>
    <subfield code="o">428.2 S 728</subfield>
    <subfield code="p">M-1458</subfield>
    <subfield code="r">2024-12-30 15:16:04</subfield>
    <subfield code="t">4</subfield>
    <subfield code="w">2024-12-30</subfield>
    <subfield code="y">BOOK</subfield>
  </datafield>
  <datafield tag="952" ind1=" " ind2=" ">
    <subfield code="0">0</subfield>
    <subfield code="1">0</subfield>
    <subfield code="2">ddc</subfield>
    <subfield code="4">0</subfield>
    <subfield code="7">0</subfield>
    <subfield code="a">SEACOMMC</subfield>
    <subfield code="b">SEACOMMC</subfield>
    <subfield code="d">2007-12-18</subfield>
    <subfield code="l">0</subfield>
    <subfield code="o">428.2 S 728</subfield>
    <subfield code="p">M-1459</subfield>
    <subfield code="r">2024-12-30 15:16:04</subfield>
    <subfield code="t">5</subfield>
    <subfield code="w">2024-12-30</subfield>
    <subfield code="y">BOOK</subfield>
  </datafield>
  <datafield tag="952" ind1=" " ind2=" ">
    <subfield code="0">0</subfield>
    <subfield code="1">0</subfield>
    <subfield code="2">ddc</subfield>
    <subfield code="4">0</subfield>
    <subfield code="7">0</subfield>
    <subfield code="a">SEACOMMC</subfield>
    <subfield code="b">SEACOMMC</subfield>
    <subfield code="d">2007-12-18</subfield>
    <subfield code="l">0</subfield>
    <subfield code="o">428.2 S 728</subfield>
    <subfield code="p">M-1460</subfield>
    <subfield code="r">2024-12-30 15:16:04</subfield>
    <subfield code="t">6</subfield>
    <subfield code="w">2024-12-30</subfield>
    <subfield code="y">BOOK</subfield>
  </datafield>
  <datafield tag="952" ind1=" " ind2=" ">
    <subfield code="0">0</subfield>
    <subfield code="1">0</subfield>
    <subfield code="2">ddc</subfield>
    <subfield code="4">0</subfield>
    <subfield code="7">0</subfield>
    <subfield code="a">SEACOMMC</subfield>
    <subfield code="b">SEACOMMC</subfield>
    <subfield code="d">2007-12-18</subfield>
    <subfield code="l">0</subfield>
    <subfield code="o">428.2 S 728</subfield>
    <subfield code="p">M-1461</subfield>
    <subfield code="r">2024-12-30 15:16:04</subfield>
    <subfield code="t">7</subfield>
    <subfield code="w">2024-12-30</subfield>
    <subfield code="y">BOOK</subfield>
  </datafield>
  <datafield tag="952" ind1=" " ind2=" ">
    <subfield code="0">0</subfield>
    <subfield code="1">0</subfield>
    <subfield code="2">ddc</subfield>
    <subfield code="4">0</subfield>
    <subfield code="7">0</subfield>
    <subfield code="a">SEACOMMC</subfield>
    <subfield code="b">SEACOMMC</subfield>
    <subfield code="d">2007-12-18</subfield>
    <subfield code="l">0</subfield>
    <subfield code="o">428.2 S 728</subfield>
    <subfield code="p">M-1462</subfield>
    <subfield code="r">2024-12-30 15:16:04</subfield>
    <subfield code="t">8</subfield>
    <subfield code="w">2024-12-30</subfield>
    <subfield code="y">BOOK</subfield>
  </datafield>
  <datafield tag="952" ind1=" " ind2=" ">
    <subfield code="0">0</subfield>
    <subfield code="1">0</subfield>
    <subfield code="2">ddc</subfield>
    <subfield code="4">0</subfield>
    <subfield code="7">0</subfield>
    <subfield code="a">SEACOMMC</subfield>
    <subfield code="b">SEACOMMC</subfield>
    <subfield code="d">2007-12-18</subfield>
    <subfield code="l">0</subfield>
    <subfield code="o">428.2 S 728</subfield>
    <subfield code="p">M-1463</subfield>
    <subfield code="r">2024-12-30 15:16:04</subfield>
    <subfield code="t">9</subfield>
    <subfield code="w">2024-12-30</subfield>
    <subfield code="y">BOOK</subfield>
  </datafield>
  <datafield tag="999" ind1=" " ind2=" ">
    <subfield code="c">957</subfield>
    <subfield code="d">957</subfield>
  </datafield>
</record>
